អណ្តើកតូច : (Record no. 8620)

MARC details
000 -LEADER
fixed length control field 01664nam a22003137a 4500
001 - CONTROL NUMBER
control field 8620
003 - CONTROL NUMBER IDENTIFIER
control field FISKH
005 - DATE AND TIME OF LATEST TRANSACTION
control field 20251009135843.0
008 - FIXED-LENGTH DATA ELEMENTS--GENERAL INFORMATION
fixed length control field 251006b cb ||||| |||| 00| 0 eng d
020 ## - INTERNATIONAL STANDARD BOOK NUMBER
International Standard Book Number 9789996301216
040 ## - CATALOGING SOURCE
Original cataloging agency FISKH
Language of cataloging khr
Transcribing agency FISKH
Modifying agency FISKH
050 ## - LIBRARY OF CONGRESS CALL NUMBER
Classification number PZ7
082 ## - DEWEY DECIMAL CLASSIFICATION NUMBER
Classification number 590
100 ## - MAIN ENTRY--PERSONAL NAME
Personal name Tongleang, Noeun
245 ## - TITLE STATEMENT
Title អណ្តើកតូច :
Remainder of title Small tortoise /
Statement of responsibility, etc. និពន្ធដោយ លោក នឿន តុងហេង ,​ កែសម្រួលដោយ អ្នកស្រី គឹមស៊ុន សុធារី
260 ## - PUBLICATION, DISTRIBUTION, ETC.
Place of publication, distribution, etc. Phnom Penh :
Name of publisher, distributor, etc. Reading Books ,
Date of publication, distribution, etc. 2010.
300 ## - PHYSICAL DESCRIPTION
Extent 20 pages :
Other physical details color illustrations ;
Dimensions 25 cm .
490 ## - SERIES STATEMENT
Series statement ពិភពរឿងនិទាន
505 ## - FORMATTED CONTENTS NOTE
Formatted contents note J <br/>
520 ## - SUMMARY, ETC.
Summary, etc. រឿងនិទាននេះមានគោលបំណងបណ្តុះបណ្តាលកុមារឲ្យមានភាពក្លាហាននៅពេលពួកគេចង់ជួបឧបសគ្គណាមួយ ហើយសំខាន់ជាងនេះទៅទៀត គឺដើម្បីរំលឹកឲ្យពួកគេកុំឲ្យអួតអាងពេក។
520 ## - SUMMARY, ETC.
Summary, etc. This tale is intended to educate children to be brave when they are encounter any obtacles , and , more significatly , to remind them not to be so boastful .
521 8# - TARGET AUDIENCE NOTE
Target audience note 500 <br/>
Source Lexile estimate <br/>
521 8# - TARGET AUDIENCE NOTE
Target audience note J <br/>
Source Raz-Plus <br/>
650 ## - SUBJECT ADDED ENTRY--TOPICAL TERM
Topical term or geographic name entry element អណ្តើកតូច
Form subdivision រឿងនិទានកុមារ
650 ## - SUBJECT ADDED ENTRY--TOPICAL TERM
Topical term or geographic name entry element Small tortoise
Form subdivision Children's stories
700 ## - ADDED ENTRY--PERSONAL NAME
Personal name Bunthorn, Theak
Relator term Illustrator
942 ## - ADDED ENTRY ELEMENTS (KOHA)
Source of classification or shelving scheme Dewey Decimal Classification
Koha item type Khmer Books
Suppress in OPAC No
Holdings
Withdrawn status Lost status Source of classification or shelving scheme Damaged status Not for loan Collection Home library Current library Shelving location Date acquired Total Checkouts Full call number Barcode Date last seen Copy number Price effective from Koha item type
    Dewey Decimal Classification     Khmer-English Bilingual / ភាសាខ្មែរ-អង់គ្លេស Footprints International School Library Network Toul Tom Poung Campus Footprints International School Library Network Toul Tom Poung Campus TTP Primary Khmer Bookshelves 10/06/2025   TON PZ7 590 2025-4485 10/06/2025 1 10/06/2025 Khmer Books
    Dewey Decimal Classification     Khmer-English Bilingual / ភាសាខ្មែរ-អង់គ្លេស Footprints International School Library Network Toul Tom Poung Campus Footprints International School Library Network Toul Tom Poung Campus TTP Primary Khmer Bookshelves 10/09/2025   TON PZ7 590 FIS02217 10/09/2025 2 10/09/2025 Khmer Books
    Dewey Decimal Classification     Khmer-English Bilingual / ភាសាខ្មែរ-អង់គ្លេស Footprints International School Library Network Toul Tom Poung Campus Footprints International School Library Network Toul Tom Poung Campus TTP Primary Khmer Bookshelves 10/09/2025   TON PZ7 590 FISBK03703 10/09/2025 3 10/09/2025 Khmer Books
    Dewey Decimal Classification     Khmer-English Bilingual / ភាសាខ្មែរ-អង់គ្លេស Footprints International School Library Network Toul Tom Poung Campus Footprints International School Library Network Toul Tom Poung Campus TTP Primary Khmer Bookshelves 11/10/2025   TON PZ7 590 FIS04604 11/10/2025 4 11/10/2025 Khmer Books
    Dewey Decimal Classification     Khmer-English Bilingual / ភាសាខ្មែរ-អង់គ្លេស Footprints International School Library Network Toul Tom Poung Campus Footprints International School Library Network Toul Tom Poung Campus TTP Primary Khmer Bookshelves 11/21/2025   TON PZ7 590 2025-4878 11/21/2025 5 11/21/2025 Khmer Books